| 000 | 00531nam a2200145Ia 4500 | ||
|---|---|---|---|
| 008 | 180901s9999 xx 000 0 und d | ||
| 020 | _a9789719800934 | ||
| 100 | _aPasigui,Ronnie E. | ||
| 245 |
_cRonnie Espergal Pasigui, Danilo Hipolito Cabalu.-- _aJose Rizal : _bthe man and the hero : chronicles,legacies and controversies / |
||
| 250 | _a2nd ed | ||
| 260 |
_aPhilippines : _bC & E Publishing _c2014 |
||
| 300 |
_axiv, 366 pages : _c22 cm. |
||
| 650 | _aPhilippines -- History -- 18-12-1898. | ||
| 650 | _aRizal, Jose, 1861-1896. | ||
| 999 |
_c358445 _d358445 |
||